<?xml version="1.0" encoding="UTF-8"?>
<record
    xmlns:xsi="http://www.w3.org/2001/XMLSchema-instance"
    xsi:schemaLocation="http://www.loc.gov/MARC21/slim http://www.loc.gov/standards/marcxml/schema/MARC21slim.xsd"
    xmlns="http://www.loc.gov/MARC21/slim">

  <leader>01062nam a22001931a 4500</leader>
  <datafield tag="040" ind1=" " ind2=" ">
    <subfield code="a">NSHSPK</subfield>
  </datafield>
  <datafield tag="082" ind1=" " ind2=" ">
    <subfield code="a">617.735</subfield>
    <subfield code="b">MAR</subfield>
  </datafield>
  <datafield tag="100" ind1="1" ind2=" ">
    <subfield code="a">Marashi, Ameen</subfield>
    <subfield code="e">author.</subfield>
    <subfield code="9">126562</subfield>
  </datafield>
  <datafield tag="245" ind1="1" ind2="0">
    <subfield code="a">Atlas of fundus fluorescein angiography for approaching macular diseases :</subfield>
    <subfield code="b">FFA's approach /</subfield>
    <subfield code="c">Ameen Marashi.</subfield>
  </datafield>
  <datafield tag="260" ind1=" " ind2=" ">
    <subfield code="a">Connecticut, USA :</subfield>
    <subfield code="b">[Self Publication],</subfield>
    <subfield code="c">2024.</subfield>
  </datafield>
  <datafield tag="300" ind1=" " ind2=" ">
    <subfield code="a">143 pages :</subfield>
    <subfield code="b">illustrations (chiefly color) ;</subfield>
    <subfield code="c">23cm.</subfield>
  </datafield>
  <datafield tag="504" ind1=" " ind2=" ">
    <subfield code="a">Includes bibliographical references and index.</subfield>
  </datafield>
  <datafield tag="520" ind1=" " ind2=" ">
    <subfield code="a">This atlas provides a comprehensive guide to fundus fluorescein angiography (FFA) with a focus on diagnosing macular diseases. It includes high-quality imaging to aid ophthalmologists in interpreting FFA results for clinical decision-making.</subfield>
  </datafield>
  <datafield tag="650" ind1=" " ind2="0">
    <subfield code="a">Fluorescein angiography</subfield>
    <subfield code="v">Atlases.</subfield>
    <subfield code="9">126563</subfield>
  </datafield>
  <datafield tag="651" ind1=" " ind2="0">
    <subfield code="a">Macula lutea</subfield>
    <subfield code="x">Diseases</subfield>
    <subfield code="x">Diagnosis</subfield>
    <subfield code="v">Atlases.</subfield>
    <subfield code="9">126564</subfield>
  </datafield>
  <datafield tag="651" ind1=" " ind2="0">
    <subfield code="a">Retinal vascular diseases</subfield>
    <subfield code="x">Imaging</subfield>
    <subfield code="v">Atlases.</subfield>
    <subfield code="9">126565</subfield>
  </datafield>
  <datafield tag="942" ind1=" " ind2=" ">
    <subfield code="2">ddc</subfield>
    <subfield code="c">BK</subfield>
  </datafield>
  <datafield tag="999" ind1=" " ind2=" ">
    <subfield code="c">612198</subfield>
    <subfield code="d">612198</subfield>
  </datafield>
  <datafield tag="952" ind1=" " ind2=" ">
    <subfield code="0">0</subfield>
    <subfield code="1">0</subfield>
    <subfield code="2">ddc</subfield>
    <subfield code="4">0</subfield>
    <subfield code="7">0</subfield>
    <subfield code="a">NSHS</subfield>
    <subfield code="b">NSHS</subfield>
    <subfield code="c">GEN</subfield>
    <subfield code="d">2024-09-26</subfield>
    <subfield code="e">Progressive International Agencies (Pvt) Limited</subfield>
    <subfield code="g">15126.24</subfield>
    <subfield code="o">617.735 MAR</subfield>
    <subfield code="p">NSHS-1817</subfield>
    <subfield code="r">2024-10-29</subfield>
    <subfield code="t">c.1</subfield>
    <subfield code="v">30252.40</subfield>
    <subfield code="w">2024-09-26</subfield>
    <subfield code="y">BK</subfield>
  </datafield>
  <datafield tag="952" ind1=" " ind2=" ">
    <subfield code="0">0</subfield>
    <subfield code="1">0</subfield>
    <subfield code="2">ddc</subfield>
    <subfield code="4">0</subfield>
    <subfield code="7">0</subfield>
    <subfield code="a">NSHS</subfield>
    <subfield code="b">NSHS</subfield>
    <subfield code="c">GEN</subfield>
    <subfield code="d">2024-09-26</subfield>
    <subfield code="e">Progressive International Agencies (Pvt) Limited</subfield>
    <subfield code="g">15126.24</subfield>
    <subfield code="o">617.735 MAR</subfield>
    <subfield code="p">NSHS-1818</subfield>
    <subfield code="r">2024-10-29</subfield>
    <subfield code="t">c.2</subfield>
    <subfield code="v">30252.40</subfield>
    <subfield code="w">2024-09-26</subfield>
    <subfield code="y">BK</subfield>
  </datafield>
  <datafield tag="952" ind1=" " ind2=" ">
    <subfield code="0">0</subfield>
    <subfield code="1">0</subfield>
    <subfield code="2">ddc</subfield>
    <subfield code="4">0</subfield>
    <subfield code="7">1</subfield>
    <subfield code="a">NSHS</subfield>
    <subfield code="b">NSHS</subfield>
    <subfield code="c">REF</subfield>
    <subfield code="d">2024-09-26</subfield>
    <subfield code="e">Progressive International Agencies (Pvt) Limited</subfield>
    <subfield code="g">15126.24</subfield>
    <subfield code="o">R 617.735 MAR</subfield>
    <subfield code="p">NSHS-1819</subfield>
    <subfield code="r">2024-10-29</subfield>
    <subfield code="t">c.3</subfield>
    <subfield code="v">30252.40</subfield>
    <subfield code="w">2024-09-26</subfield>
    <subfield code="y">BK</subfield>
  </datafield>
</record>
